| 000 | 00554nam a2200193Ia 4500 | ||
|---|---|---|---|
| 003 | GCL | ||
| 008 | 140319s9999 xx 000 0 eng d | ||
| 040 |
_aGCL / _cGCL |
||
| 082 | 0 | 4 |
_a304.2 _bB R |
| 100 | 1 | _aGREGORY, DEREK | |
| 245 | 1 | 0 |
_aREADING HUMAN GEOGRAPHY: THE POETICS AND POLITICS OF INQUIRY / _cGREGORY, DEREK |
| 700 | 1 | _aBARNES, TREVOR | |
| 260 |
_a[S.N] : _bARNOLD PUBLISHERS ، _c1997 |
||
| 300 | _a520 P | ||
| 650 | 0 | 4 | _aHUMAN GEOGRAPHY - POETICS |
| 650 | 0 | 4 | _aHUMAN GEOGRAPHY - POLITICS |
| 650 | 0 | 4 | _aHUMAN GEOGRAPHY |
| 942 |
_2ddc _cBK |
||
| 999 |
_c13218 _d13218 |
||